GTA VI / 6 - Quiz partie 1 (texte) - Statistiques

Statistiques générales
  • Ce quiz a été pris 47 fois
  • Le résultat moyen est 8 sur 15
Statistiques - réponses
Question Réponse % Correct
Quels paysages variés trouve-t-on dans l'Etat de Leonida ? Des plages, des marécages, des montagnes, des forets ou des iles
88%
Quel type d'environnement naturel est décrit comme "joyau Indomptable" (présence d'alligators notamment) Mangroves / marécages
85%
Quelle activité touristique locale est mentionnée comme étant dangereuse ? L'observation d'alligators dans les marécages
80%
Quelle ville nous est présentée comme la capitale du soleil et du divertissement ? Vice City
76%
Combien de protagonistes principaux sont présentés ? 2
68%
Pourquoi Lucia a-t-elle eu une histoire difficile ? Elle a fait un séjour au pénitencier de Leonida
68%
Quand est prévue la sortie du jeu GTA VI ? Le 26 mai 2026
68%
Quel quartier / zone de Vice City est mentionné pour ses hôtels art-déco et sa plage ? Ocean Beach
56%
Quel lieu est décrit comme un symbole national au nord de l'Etat ? Mont Kalaga
49%
Qui est présenté comme un vétéran des braquages recherchant des partenaires ? Raul Bautista
46%
Comment s'appellent les deux membres du groupe Real Dimez ? Bea-Luxe & Roxy
37%
Quel label / entreprise musicale est mentionnée dans les informations disponibles ? Only Raw Records
24%
Quel personnage est ancien trafiquant de contrebande dans "les Keys" ? Brian Heder
22%
Quelle raffinerie est mentionnée comme étant un bon "employeur local" ? Allied Crystal (raffinerie de sucre)
20%
Quel groupe ou rappeur local a aidé Real Dimez avec un premier single ? DWNPLY
2%
Aucun quiz correspondant
Distribution des résultats
% des personnes avec chaque résultat
Percentile par nombre de réponses
Votre historique - résultats
Vous n’avez pas pris ce quiz